000 00631nam a2200241 i 4500
001 C2-0143734
003 PPAK
005 20180727130107.0
008 980117s1992 my a|||| ||||| | eng d
040 _aPPAK
_beng
_cPPAK
_erda
082 0 4 _a612
_223
090 0 0 _a612
_bMAT
_dR
090 0 0 _a612
_bMAT
_dRK
100 1 _aMathers, Douglas,
_eauthor
245 1 0 _aBrain
264 1 _aMalaysia :
_bSystem Publishing ,
_c1992
300 _a32 pages :
_bcolour illustrations ;
_c23 cm
336 _2rdacontent
_atext
337 _2rdamedia
_aunmediated
338 _2rdacarrier
_avolume
650 1 0 _aBody, Human
942 _ddc
_cB
999 _c45189
_d45189